History Quiz

Random History or Politics Quiz

US Declarations of War Quiz Stats

Quiz Updated Jan 29, 2015

Challenge
Share
Tweet
Embed
Score 0/10 Timer 04:00
7 Plays Today
% Correct
Germany
92.7%
Japan
89.2%
Italy
79%
United Kingdom
75.9%
Austria-Hungary
73.6%
Mexico
65.2%
Spain
53.6%
Hungary
41.5%
Bulgaria
37.7%
Romania
32.7%

You're not logged in!

Compare scores with friends on all Sporcle quizzes.
Sign Up with Email
OR
Log In

You Might Also Like...

Show Comments

Extras

Top Quizzes Today


Score Distribution

Your Account Isn't Verified!

In order to create a playlist on Sporcle, you need to verify the email address you used during registration. Go to your Sporcle Settings to finish the process.